Novyj sort : dlja srednego vozrasta /

Main Author: Matvejev, German Ivanovič, 1904-1961
Other Authors: Kočergin, N.
Language: Russian
Published: Moskva ; Leningrad : Detgiz, 1948
Physical Description: 208 s. : il.
Book
Saved in:
LEADER 00929nam a22002772a 4500
001 001848681
003 CZ BrMZK
005 20230213152454.0
007 ta
008 230213s1948 ru a er|||||||||||rus d
040 |a ABA004  |b cze  |c ABA004  |d ABA004  |d ABA009  |d BOA001 
072 7 |a 634  |x Ovocnářství  |2 Konspekt  |9 24 
080 |a 634  |2 MRF 
100 1 |a Matvejev, German Ivanovič,  |d 1904-1961  |7 xx0065490  |4 aut 
245 1 0 |a Novyj sort :  |b dlja srednego vozrasta /  |c G. Matvejev ; risunki N. Kočergina 
260 |a Moskva ;  |a Leningrad :  |b Detgiz,  |c 1948 
300 |a 208 s. :  |b il. 
650 0 7 |a zahradnictví  |2 czenas 
650 0 7 |a ovocnářství  |2 czenas 
650 0 7 |a mládež  |2 czenas 
655 7 |a prózy  |7 fd133153  |2 czenas 
700 1 |a Kočergin, N.  |7 xx0105517  |4 ill 
910 |a BOA001  |b 2-0223.683 
990 |a BK 
991 |b 202302 
996 7 |b 2618750108  |c 2-0223.683  |l MZK  |r Sklad / do 24 hodin  |n 0  |w 001915211  |u 000010  |a 1  |e BOA001  |j MZK50  |s A